Identification of transcripts specific to bark regions pre-disposed to tapping panel dryness syndrome in natural rubber (Record no. 50722)

MARC details
000 -LEADER
fixed length control field 00661nam a2200181Ia 4500
100 ## - MAIN ENTRY--AUTHOR NAME
Personal name Sathik M B M
245 #0 - TITLE STATEMENT
Title Identification of transcripts specific to bark regions pre-disposed to tapping panel dryness syndrome in natural rubber
260 ## - PUBLICATION, DISTRIBUTION, ETC. (IMPRINT)
Name of publisher IRRDB Natural Rubber Conference 2008, 13-15 October 2008, Kuala Lumpur, Malaysia: Abstract of papers
650 ## - SUBJECT ADDED ENTRY--TOPICAL TERM
Topical Term Surppression substractive hybridization
650 ## - SUBJECT ADDED ENTRY--TOPICAL TERM
Topical Term Tapping panel dryness
650 ## - SUBJECT ADDED ENTRY--TOPICAL TERM
Topical Term TPD-responsive transcripts
700 ## - ADDED ENTRY--PERSONAL NAME
Personal name Jacob J
700 ## - ADDED ENTRY--PERSONAL NAME
Personal name Mrudula P Musthafa
700 ## - ADDED ENTRY--PERSONAL NAME
Personal name Rani Mary Jose
700 ## - ADDED ENTRY--PERSONAL NAME
Personal name Thomas M
942 ## - ADDED ENTRY ELEMENTS (KOHA)
Koha item type Bibliography STAF
Holdings
Withdrawn status Lost status Damaged status Not for loan Home library Current library Shelving location Date acquired Koha item type
      Bibliography RRII Library RRII Library Plant physiology 09/04/2014 Bibliography STAF